| 000 | 00362 a2200157 4500 | ||
|---|---|---|---|
| 001 | 59992 | ||
| 020 | _a9783125560017 | ||
| 040 | _cAnchieta - Pituba | ||
| 100 | _aSchurig, Cordula | ||
| 240 | 1 | 0 |
_aKalt erwischt in Hamburg _lpor |
| 245 | 1 | 0 | _aKalt erwischt in Hamburg |
| 300 | _a56 | ||
| 362 | 0 | _a2007 | |
| 650 | 4 | _aLiteratura juvenil em alemão | |
| 942 | _cBK | ||
| 999 |
_c59992 _d59992 |
||